| 000 | 01842camaa2200409 a 4500 | ||
|---|---|---|---|
| 003 | PE-LiUPU | ||
| 005 | 20250731183333.0 | ||
| 008 | co ag 1 spa | ||
| 020 | _a9789587019193 | ||
| 035 | _a(Sirsi) i9789587019193 | ||
| 035 | _a(Sirsi) 52006 | ||
| 250 | _a1a ed. | ||
| 264 | 1 |
_aBogotá _bUniversidad Nacional de Colombia : Facultad de artes _c2007 |
|
| 300 |
_a232p. _bilustraciones ; _c21 cm. |
||
| 035 | _a(Sirsi) 52006 | ||
| 490 | 0 | _aPunto aparte | |
| 082 | 0 | 4 |
_a720.9861 _bR74 |
| 100 | 1 | _aRodríguez Botero, Germán Darío | |
| 245 |
_aDe la arquitectura orgánica a la arquitectura del luga : _ben las casas Wilkie (1962) y Calderón (1963) de Fernando Martínez Sanabria (una aproximación a partir de la experiencia) / _cGermán Darío Rodríguez Botero. |
||
| 504 | _aIncluye bibliografía | ||
| 505 | 0 | _a¿Quién fue Fernando Martínez Sanabria? -- ¿Qué se entiende por orgánico en la arquitectura? -- De la arquitectura orgánica a la arquitectura del lugar. La experiencia de "estar en el mundo": las casas Wilkie (1962) y Calderón (1963). | |
| 526 | _aP158 | ||
| 526 | _aP146 | ||
| 526 | _aP17 | ||
| 526 | _aP12 | ||
| 526 | _aP06 | ||
| 600 | 1 | 4 |
_aMartínez Sanabria, Fernando, _d1925-1991 _xTrabajos pictóricos |
| 650 | 0 | 4 | _aTrabajos arquitectónicos |
| 650 | 0 | 4 |
_aArquitectura colombiana _ySiglo XX |
| 859 | _q69395 | ||
| 910 | _agl20131205 | ||
| 942 |
_2ddc _cBOOK |
||
| 949 |
_i69395 _lCCODEBUL1 _mBUL _tLIBRO _o.STAFF. Colección General |
||
| 596 | _a1 | ||
| 999 |
_a720.9861 R74 _wDEWEY _c5988 _i69395 _d5988 _e2017-5-16 _f2021-11-9 _g7 _lCCODEBUL1 _mBUL _n1 _p23.00 _q1 _r0 _sY _tBOOK _u2015-7-6 _xINGENIERIA _PP06 _0COMPRA _o.STAFF. Colección General |
||
| 980 |
_81 _gALBERTO SANCHEZ Responsable de Automatización |
||